Statistiques concernant Devinez le Pays Mystère #108

Cliquez ici pour prendre le quiz!

Statistiques générales

  • Ce quiz a été pris 235 fois
  • Le résultat moyen est 13 sur 17

Statistiques - réponses

Type de RéponseRéponse% Correct
Lettre TrouvéeI
96%
Lettre TrouvéeE
95%
Lettre Bien PlacéeE
95%
Lettre TrouvéeO
93%
Lettre Bien PlacéeI
89%
Lettre TrouvéeT
88%
Lettre TrouvéeÉ
82%
Lettre TrouvéeI
76%
Lettre Bien PlacéeO
76%
Lettre TrouvéeP
74%
Lettre TrouvéeH
73%
Lettre Bien PlacéeI
71%
Lettre Bien PlacéeÉ
69%
Pays MystèreÉthiopie
66%
Lettre Bien PlacéeH
66%
Lettre Bien PlacéeP
66%
Lettre Bien PlacéeT
66%

Distribution des résultats

Percentile par nombre de réponses

% des personnes avec chaque résultat

Votre développement - résultats

Vous n’avez pas pris ce quiz